Trồng hoa lan
Đã lưu trong:
| Príomhúdar: | |
|---|---|
| Formáid: | Leabhar |
| Teanga: | Undetermined |
| Foilsithe: |
Tp. HCM
Trẻ
2000
|
| Ábhair: | |
| Clibeanna: |
Cuir Clib Leis
Gan Chlibeanna, Bí ar an gcéad duine leis an taifead seo a chlibeáil!
|
| Thư viện lưu trữ: | Trung tâm Học liệu Trường Đại học Cần Thơ |
|---|
| LEADER | 00533nam a2200193Ia 4500 | ||
|---|---|---|---|
| 001 | CTU_39291 | ||
| 008 | 210402s9999 xx 000 0 und d | ||
| 020 | |b 28.000đ | ||
| 082 | |a 634.9344 | ||
| 082 | |b Ngh307 | ||
| 100 | |a Nguyễn Công Nghiệp | ||
| 245 | 0 | |a Trồng hoa lan | |
| 245 | 0 | |c Nguyễn Công Nghiệp | |
| 260 | |a Tp. HCM | ||
| 260 | |b Trẻ | ||
| 260 | |c 2000 | ||
| 650 | |a floriculture,orchids,plants, ornamental | ||
| 904 | |i Minh, 001108 | ||
| 980 | |a Trung tâm Học liệu Trường Đại học Cần Thơ | ||